000
00297nam a22001337a 4500
008
181023b xxu||||| |||| 00| 0 eng d
020
_a
9780673997418
041
_a
eng
080
_2
4th
_a
371
100
_a
46
101
_a
EDU
245
_a
Research in Education
_c
Millan,J,H
942
_2
udc
_c
BK
999
_c
50643
_d
50643